书目信息 |
| 题名: |
考研政治理论最好冲刺考点狂背
|
|
| 作者: | 恩波 主编 | |
| 分册: | ||
| 出版信息: | 北京 学苑出版社 2010.10 |
|
| 页数: | 264页 | |
| 开本: | 20cm | |
| 丛书名: | ||
| 单 册: | ||
| 中图分类: | D0 | |
| 科图分类: | ||
| 主题词: | 政治理论 | |
| 电子资源: | ||
| ISBN: | 978-7-5077-2749-4 | |
| 000 | 00600nam0 2200193 450 | |
| 001 | 1143767765 | |
| 005 | 20110617143110.14 | |
| 010 | @a978-7-5077-2749-4@dCNY30.00 | |
| 100 | @a20110613d2010 km y0chiy0120 ea | |
| 101 | 0 | @achi |
| 102 | @aCN@b110000 | |
| 200 | 1 | @a考研政治理论最好冲刺考点狂背@Akao yan zheng zhi li lun zui hao chong ci kao dian kuang bei@f恩波主编@Fen bo zhu bian |
| 210 | @a北京@c学苑出版社@d2010.10 | |
| 215 | @a264页@d20cm | |
| 606 | 0 | @a政治理论 |
| 690 | @aD0@v4 | |
| 701 | 0 | @a恩波@Aen bo@4主编 |
| 801 | 0 | @aCN@b大连网信软件有限公司图书馆·11@c20110617 |
| 905 | @aZUCC@dD0@eE0461 | |
| 考研政治理论最好冲刺考点狂背/恩波主编.-北京:学苑出版社,2010.10 |
| 264页;20cm |
| ISBN 978-7-5077-2749-4:CNY30.00 |
| ● |
| 相关链接 |
|
|
|
正题名:考研政治理论最好冲刺考点狂背
索取号:D0/E0461
 
预约/预借
| 序号 | 登录号 | 条形码 | 馆藏地/架位号 | 状态 | 备注 |
| 1 | 466346 | 204663462 | 社科库509/ [索取号:D0/E0461] | 在馆 |